| 000 | 00563nam a22001817a 4500 | ||
|---|---|---|---|
| 003 | PILC | ||
| 005 | 20151105145712.0 | ||
| 008 | 151105b xxu||||| |||| 00| 0 eng d | ||
| 020 | _a9789719803720 | ||
| 050 |
_aQH 332 _b.T36 2015 |
||
| 100 | _aTan-Alora, Angeles. | ||
| 245 |
_a100 most frequently asked bioethics questions / _cAngeles Tan-Alora. |
||
| 250 | _a1st edition. | ||
| 260 |
_aQuezon City : _bC & E Publishing, Inc., _c2015. |
||
| 300 |
_avii, 97 pages ; _c22 cm. |
||
| 500 | _aIncludes bibliographical references and index. | ||
| 942 |
_2lcc _cBK _kFIL |
||
| 999 |
_c288933 _d288933 |
||